Tiere mit "I" aufzählen - Statistiken

Allgemein
  • Dieses Quiz wurde 289 mal gespielt
  • Das Durchschnittsergebnis liegt bei 3 aus 9
Antwortstatistiken
Tier mit I % Korrekt
Igel
96%
Iltis
72%
Ibis
36%
Imme
29%
Impala
25%
Insekt
24%
Indischer Elefant
19%
Islandpferd
14%
Indri
5%
Keine übereinstimmenden Quizze gefunden
Verteilung der Resultate
Anzahl Personen mit jedem Resultat
Perzentil nach korrekt beantworteten Fragen
Ihre Resultats-Entwicklung
Sie haben dieses Quiz noch nicht gespielt